Temples or Tombs?: Industry Versus Environment Three Controversies (Record no. 220988)
[ view plain ]
| 000 -LEADER | |
|---|---|
| fixed length control field | 00689nam a22002177a 4500 |
| 005 - DATE AND TIME OF LATEST TRANSACTION | |
| control field | 20211220142021.0 |
| 008 - FIXED-LENGTH DATA ELEMENTS--GENERAL INFORMATION | |
| fixed length control field | 211220b ||||| |||| 00| 0 eng d |
| 040 ## - CATALOGING SOURCE | |
| Transcribing agency | AL |
| 041 ## - LANGUAGE CODE | |
| Language code of text/sound track or separate title | eng |
| 082 ## - DEWEY DECIMAL CLASSIFICATION NUMBER | |
| Edition number | 23 |
| Classification number | 363.731 |
| Item number | DMOT |
| 100 ## - MAIN ENTRY--PERSONAL NAME | |
| Personal name | Darryl D'Monte |
| 100 ## - MAIN ENTRY--PERSONAL NAME | |
| 9 (RLIN) | 11916 |
| 245 ## - TITLE STATEMENT | |
| Title | Temples or Tombs?: Industry Versus Environment Three Controversies |
| 260 ## - PUBLICATION, DISTRIBUTION, ETC. | |
| Place of publication, distribution, etc. | New Delhi: |
| Name of publisher, distributor, etc. | Centre For Science and Environment, |
| Date of publication, distribution, etc. | 1985 |
| 300 ## - PHYSICAL DESCRIPTION | |
| Extent | xv,285 p. |
| Other physical details | HB |
| Dimensions | 22x14 cm. |
| 365 ## - TRADE PRICE | |
| Price amount | 180.00 |
| Currency code | ₹ |
| Unit of pricing | 180.00 |
| 650 ## - SUBJECT ADDED ENTRY--TOPICAL TERM | |
| Topical term or geographic name entry element | Development of Environment |
| 9 (RLIN) | 11917 |
| 650 ## - SUBJECT ADDED ENTRY--TOPICAL TERM | |
| Topical term or geographic name entry element | Fertiliser Factory |
| 9 (RLIN) | 11918 |
| 650 ## - SUBJECT ADDED ENTRY--TOPICAL TERM | |
| Topical term or geographic name entry element | Econlogy, Energy, Environment |
| 9 (RLIN) | 11919 |
| 700 ## - ADDED ENTRY--PERSONAL NAME | |
| Personal name | D'MONTE (Darryl) |
| 9 (RLIN) | 11920 |
| 942 ## - ADDED ENTRY ELEMENTS (KOHA) | |
| Source of classification or shelving scheme | Dewey Decimal Classification |
| Koha item type | George Fernandes Collections |
| Withdrawn status | Lost status | Source of classification or shelving scheme | Damaged status | Not for loan | Collection code | Home library | Current library | Date acquired | Total Checkouts | Full call number | Barcode | Date last seen | Price effective from | Koha item type |
|---|---|---|---|---|---|---|---|---|---|---|---|---|---|---|
| Dewey Decimal Classification | Others | St Aloysius Library | St Aloysius Library | 03/24/2013 | 363.731 DMOT | GF01679 | 12/20/2021 | 12/20/2021 | George Fernandes Collections |